000 01447nam a2200361Ia 4500
001 ebr10567019
003 CaPaEBR
006 m u
007 cr cn|||||||||
008 950628s1995 enka sb 001 0 eng d
010 _z 95069790
020 _z9780803979062
020 _z9781446264911
020 _z0803979053
020 _z0803979061
040 _aCaPaEBR
_cCaPaEBR
035 _a(OCoLC)607933637
050 1 4 _aBF353
_b.B6613 1995eb
100 1 _aBonnes, Mirilia.
240 1 0 _aPsicologia ambientale.
_lEnglish
245 1 0 _aEnvironmental psychology
_h[electronic resource] :
_ba psycho-social introduction /
_cMirilia Bonnes and Gianfranco Secchiaroli ; translated by Clare Montagna.
260 _aLondon ;
_aThousand Oaks, Calif. :
_bSage,
_c1995.
300 _avii, 230 p. :
_bill.
500 _aOriginally published in Italian as Psicologia ambientale.
504 _aIncludes bibliographical references (p.[198]-220) and index.
533 _aElectronic reproduction.
_bPalo Alto, Calif. :
_cebrary,
_d2011.
_nAvailable via World Wide Web.
_nAccess may be limited to ebrary affiliated libraries.
650 0 _aEnvironmental psychology.
650 0 _aSocial values.
655 7 _aElectronic books.
_2local
700 1 _aSecchiaroli, Gianfranco.
710 2 _aebrary, Inc.
856 4 0 _uhttp://site.ebrary.com/lib/rucke/Doc?id=10567019
_zAn electronic book accessible through the World Wide Web; click to view
999 _c93150
_d93150